000 00995nam a2200265 a 4500
001 000022662
005 20200930021727.0
008 101014s1997 es r 000 0 spa d
020 _a8423988198
040 _aDO-SdBNP
_bspa
_cBNPHU
082 _axxxx
_bD218a
100 1 _aDarío, Rubén
_d1867 -1916
_915535
245 1 0 _aAzul :
_bCantos de vida y esperanza ; Poema del otoño y otros poemas ; Canto a la Argentina ; Oda a Mitre ; Canto épico a las glorias de Chile; El canto errante ; Cuentos /
_cRubén Darío.
260 _aMadrid :
_bEspasa Calpe,
_c1997.
_fHuertas
300 _a643 p. ;
_c22 cm.
490 1 _aAntología de la literatura universal
563 _aVarias obras empaginadas en páginas continuas
740 2 _aPoema del otoño y otros poemas
740 2 _aCanto a la Argentina
740 2 _aOda a Mitre
740 2 _aCanto épico a las glorias de Chile
740 2 _aEl canto errante
740 2 _aCuentos
830 0 _aAntología de la literatura universa
_946616
999 _c22159
_d22159